[Event "Lesa Lago Maggiore op"]
[Site "Lesa"]
[Date "2023.05.06"]
[Round "2"]
[White "Aaditya, Anand"]
[Black "Moerwald, Magdalena"]
[Result "0-1"]
[WhiteElo "1587"]
[BlackElo "1903"]
[PlyCount "126"]
[EventDate "2023.05.05"]
[EventType "swiss"]
[EventRounds "5"]
[EventCountry "ITA"]
[SourceTitle "EXT 2024"]
[Source "ChessBase"]
[SourceDate "2023.10.10"]
[SourceVersion "1"]
[SourceVersionDate "2023.10.10"]
[SourceQuality "1"]

1. e4 c6 2. d4 d5 3. Nd2 dxe4 4. Nxe4 Nf6 5. Nxf6+ exf6 6. c3 Bd6 7. Bd3 0-0 8. Qc2 h5 9. Ne2 Re8 10. Be3 Nd7 11. 0-0-0 Nf8 12. h3 Be6 13. a3 a5 14. g4 h4 15. c4 a4 16. Qd2 b5 17. c5 Bc7 18. Bc2 Ba5 19. Nc3 b4 20. axb4 Bxb4 21. Qd3 a3 22. b3 a2 23. Kd2 Ra3 24. Ra1 Bxb3 25. Rhc1 Bd5 26. Bd1 Qa5 27. Be2 Rb8 28. Bd1 Bxc3+ 29. Rxc3 Rxc3 30. Qxc3 Qxc3+ 31. Kxc3 Rb1 32. Rxa2 Bxa2 33. Bc2 Rb8 34. Ba4 Bd5 35. Bc2 Ne6 36. f4 Re8 37. Kd2 Nd8 38. Bf2 g5 39. fxg5 fxg5 40. Be3 f6 41. Bg6 Re7 42. Bd3 Bg2 43. Bf5 Bxh3 44. Bg1 Bf1 45. Bd3 Bxd3 46. Kxd3 Ne6 47. Ke4 h3 48. Bh2 Nf4+ 49. Kf5 Re2 50. Bg1 h2 51. Bxh2 Rxh2 52. d5 Nxd5 53. Ke6 Re2+ 54. Kd6 Ne3 55. Kxc6 Nxg4 56. Kb7 Ne5 57. c6 Nxc6 58. Kxc6 g4 59. Kb7 Rc2 60. Ka8 g3 61. Ka7 g2 62. Kb7 g1Q 63. Ka6 Qb1 0-1

[Event "Kaspersky op U16"]
[Site "Tornelo INT"]
[Date "2021.04.02"]
[Round "10"]
[White "Aaditya, Anand"]
[Black "Ardenski, Dimitar"]
[Result "0-1"]
[WhiteElo "1020"]
[BlackElo "1410"]
[PlyCount "64"]
[EventDate "2021.04.02"]
[EventType "swiss (blitz)"]
[EventRounds "11"]
[EventCountry "RUS"]
[SourceTitle "CBM 201 Extra"]
[Source "ChessBase"]
[SourceDate "2021.05.31"]
[SourceVersion "1"]
[SourceVersionDate "2021.05.31"]
[SourceQuality "1"]

1. e4 c5 2. Nf3 Nc6 3. d4 cxd4 4. Nxd4 g6 5. Nc3 Bg7 6. Be3 Nf6 7. f3 0-0 8. Bc4 Qb6 9. Nxc6 Qxe3+ 10. Be2 dxc6 11. Qd3 Qxd3 12. Bxd3 Be6 13. 0-0-0 Rfd8 14. g4 b6 15. h4 a5 16. h5 b5 17. e5 Nd5 18. hxg6 hxg6 19. Rh2 Nxc3 20. bxc3 Bxe5 21. Rh4 Bxc3 22. Rdh1 Bxa2 23. f4 c5 24. g5 c4 25. Be4 Rab8 26. f5 Bg7 27. fxg6 fxg6 28. Bxg6 b4 29. Bh7+ Kf8 30. Rf4+ Ke8 31. Bf5 b3 32. Rfh4 b2# 0-1

[Event "Kaspersky op U16"]
[Site "Tornelo INT"]
[Date "2021.04.02"]
[Round "5"]
[White "Aaditya, Anand"]
[Black "Dumanuly, Sultanbeibarys"]
[Result "1-0"]
[WhiteElo "1020"]
[BlackElo "1446"]
[PlyCount "121"]
[EventDate "2021.04.02"]
[EventType "swiss (blitz)"]
[EventRounds "11"]
[EventCountry "RUS"]
[SourceTitle "CBM 201 Extra"]
[Source "ChessBase"]
[SourceDate "2021.05.31"]
[SourceVersion "1"]
[SourceVersionDate "2021.05.31"]
[SourceQuality "1"]

1. e4 c5 2. Nf3 e6 3. d4 cxd4 4. Nxd4 a6 5. Bd3 Qc7 6. Qe2 Nc6 7. Nxc6 dxc6 8. c4 e5 9. Nc3 Nf6 10. 0-0 Bd6 11. Bg5 Be7 12. Rad1 0-0 13. Rd2 b5 14. cxb5 cxb5 15. Rc1 Bb7 16. Rdc2 Qb6 17. a4 b4 18. Nd1 Rac8 19. Ne3 Rfe8 20. Nf5 Rxc2 21. Rxc2 Bf8 22. Bc4 Bxe4 23. Bd3 Bxd3 24. Qxd3 Rd8 25. Qf1 Qe6 26. Ne3 Rd4 27. Qc1 Ng4 28. Rc6 Qe8 29. Nxg4 Rxg4 30. h3 Rd4 31. Rxa6 Qd7 32. Kh2 Qf5 33. Be3 Rd8 34. a5 e4 35. Ra7 Qe5+ 36. Bf4 Qd4 37. Qe3 Qd5 38. Qg3 g6 39. a6 Bc5 40. Rc7 Bb6 41. Rb7 Qa5 42. Rxb6 Qxb6 43. Bc7 Qd4 44. Bxd8 Qxd8 45. a7 Kg7 46. Qb8 Qf6 47. a8Q Qxf2 48. Qf8+ Kf6 49. Qc6+ Kg5 50. Qd8+ f6 51. Qdd5+ f5 52. Qd8+ Kh5 53. Qcd6 e3 54. Qg3 Qxg3+ 55. Kxg3 g5 56. Qd1+ Kh6 57. Kf3 f4 58. g3 Kh5 59. gxf4 h6 60. Kxe3+ Kh4 61. Qg4# 1-0

[Event "Kaspersky op U16"]
[Site "Tornelo INT"]
[Date "2021.04.02"]
[Round "9"]
[White "Davari, Sara"]
[Black "Aaditya, Anand"]
[Result "1-0"]
[WhiteElo "1589"]
[BlackElo "1020"]
[PlyCount "85"]
[EventDate "2021.04.02"]
[EventType "swiss (blitz)"]
[EventRounds "11"]
[EventCountry "RUS"]
[SourceTitle "CBM 201 Extra"]
[Source "ChessBase"]
[SourceDate "2021.05.31"]
[SourceVersion "1"]
[SourceVersionDate "2021.05.31"]
[SourceQuality "1"]

1. e4 c5 2. Nf3 g6 3. d4 cxd4 4. Qxd4 Nf6 5. Nc3 Nc6 6. Qa4 d6 7. Be3 Bg7 8. e5 dxe5 9. Nxe5 0-0 10. Nxc6 bxc6 11. Qxc6 Bd7 12. Qc4 Rc8 13. Qd3 Rb8 14. Rb1 Qa5 15. Qa6 Qb4 16. Qc4 Qa5 17. Qc5 Rb5 18. Bxb5 Rc8 19. Qxa7 Qxa7 20. Bxa7 Bxb5 21. Nxb5 Rxc2 22. 0-0 Ne4 23. Bd4 Nd2 24. Rfc1 Nxb1 25. Rxc2 Bxd4 26. Nxd4 Kg7 27. a4 Kf6 28. a5 e5 29. Nb5 Na3 30. bxa3 Kg5 31. a6 f6 32. a7 f5 33. a8Q e4 34. Qd8+ Kh5 35. g3 g5 36. Qe8+ Kg4 37. Kg2 f4 38. h3+ Kf5 39. Rc5+ Kf6 40. Qe5+ Kg6 41. Qf5+ Kg7 42. Rc7+ Kh6 43. Rxh7# 1-0

[Event "Kaspersky op U16"]
[Site "Tornelo INT"]
[Date "2021.04.02"]
[Round "11"]
[White "Haurushyn, Stsiapan"]
[Black "Aaditya, Anand"]
[Result "0-1"]
[WhiteElo "1155"]
[BlackElo "1020"]
[PlyCount "50"]
[EventDate "2021.04.02"]
[EventType "swiss (blitz)"]
[EventRounds "11"]
[EventCountry "RUS"]
[SourceTitle "CBM 201 Extra"]
[Source "ChessBase"]
[SourceDate "2021.05.31"]
[SourceVersion "1"]
[SourceVersionDate "2021.05.31"]
[SourceQuality "1"]

1. e4 c5 2. a3 g6 3. Nf3 Bg7 4. d4 cxd4 5. Nxd4 Nc6 6. Be3 Nf6 7. h3 Nxe4 8. Bd3 Nxf2 9. Kxf2 Nxd4 10. c3 Nc6 11. Qb3 0-0 12. Rf1 d5 13. Kg1 Be6 14. Qxb7 d4 15. Qxc6 dxe3 16. Be2 Rb8 17. b4 Rc8 18. Qa6 Bxc3 19. Nxc3 Rxc3 20. Qxa7 Qd2 21. Qa6 Rc2 22. Bf3 Bc4 23. Qb6 Bxf1 24. Rd1 Qf2+ 25. Kh2 Bxg2 0-1

[Event "FISCA Online op"]
[Site "Chess.com INT"]
[Date "2020.06.25"]
[Round "6"]
[White "Aaditya, Anand"]
[Black "Sava, Robert Gabriel"]
[Result "1/2-1/2"]
[WhiteElo "1020"]
[BlackElo "1678"]
[PlyCount "79"]
[EventDate "2020.06.19"]
[EventType "swiss"]
[EventRounds "9"]
[EventCountry "ROU"]
[SourceTitle "CBM 197 Extra"]
[Source "ChessBase"]
[SourceDate "2020.09.30"]
[SourceVersion "1"]
[SourceVersionDate "2020.09.30"]
[SourceQuality "1"]

1. e4 d5 2. exd5 Nf6 3. Nc3 Nxd5 4. Bc4 Nxc3 5. Qf3 e6 6. Qxc3 c6 7. Nf3 Nd7 8. 0-0 Nf6 9. Re1 Be7 10. d4 a5 11. Qe3 0-0 12. Ng5 h6 13. Ne4 Nxe4 14. Qxe4 Bg5 15. Bxg5 Qxg5 16. Rad1 Rb8 17. Qf3 b5 18. Bd3 Bb7 19. Qh3 Kh8 20. Re5 Qf6 21. Rh5 Rbd8 22. g4 Rd5 23. Rxd5 exd5 24. c3 Bc8 25. Qg3 Qg5 26. h3 f5 27. gxf5 Bxf5 28. Qxg5 hxg5 29. Bxf5 Rxf5 30. Re1 Kh7 31. Kg2 Kg6 32. Re6+ Rf6 33. Re5 Rf4 34. Re6+ Rf6 35. Re5 a4 36. a3 Kh5 37. Kg3 Kg6 38. Kg2 Rf4 39. Re6+ Rf6 40. Re5 1/2-1/2

[Event "FISCA Online op"]
[Site "Chess.com INT"]
[Date "2020.06.19"]
[Round "1"]
[White "Gutla, Aryan"]
[Black "Aaditya, Anand"]
[Result "1-0"]
[WhiteElo "1910"]
[BlackElo "1020"]
[PlyCount "43"]
[EventDate "2020.06.19"]
[EventType "swiss"]
[EventRounds "9"]
[EventCountry "ROU"]
[SourceTitle "CBM 197 Extra"]
[Source "ChessBase"]
[SourceDate "2020.09.30"]
[SourceVersion "1"]
[SourceVersionDate "2020.09.30"]
[SourceQuality "1"]

1. e4 c5 2. Nf3 g6 3. d4 cxd4 4. Nxd4 Nc6 5. Nc3 Bg7 6. Be3 Nf6 7. Bc4 d6 8. f3 0-0 9. Qd2 Bd7 10. h4 h5 11. 0-0-0 Rc8 12. Bb3 Nxd4 13. Bxd4 b5 14. g4 hxg4 15. h5 Nxh5 16. Bxg7 Kxg7 17. Rxh5 b4 18. Qh6+ Kf6 19. Nd5+ Ke6 20. Re5+ dxe5 21. Nf4+ Kf6 22. Nh5# 1-0